000 00548nam a2200181Ia 4500
005 20250326125533.0
008 250326s9999 xx 000 0 und d
037 _aTextbook
040 _aFMSL
_beng
_cFMSL
041 _aeng
_2eng
084 _aSNI L9
_qFMSL
100 _aMuthayya B C
245 0 _aBehavioural dimensions of rural leaders
_cMuthayya B C; Naidu K K And Others
260 _aHyderabad
_bHyderabad, National Institute Of Rural Development
_c1979
300 _a72p
942 _cTB
_hSNI L9
999 _c1278478
_d1278478